Global dynamics, phase space transport, orbits homoclinic to resonances, and applications /
Guardado en:
| Autor Principal: | |
|---|---|
| Autor Corporativo: | |
| Formato: | Libro |
| Idioma: | English |
| Publicado: |
Providence, R.I. :
American Mathematical Society,
c1993.
|
| Series: | Fields Institute monographs,
1 |
| Materias: | |
| Etiquetas: |
Agregar Etiqueta
Sin Etiquetas, Sea el primero en etiquetar este registro!
|
| LEADER | 01006cam a2200253 a 4500 | ||
|---|---|---|---|
| 001 | MAT.inmabb004128 | ||
| 008 | 930922s1993####riua#####b####001#0#eng## | ||
| 005 | 20130419153745.0 | ||
| 245 | 1 | 0 | |a Global dynamics, phase space transport, orbits homoclinic to resonances, and applications / |c Stephen Wiggins. |
| 260 | |a Providence, R.I. : |b American Mathematical Society, |c c1993. | ||
| 300 | |a xi, 155 p. : |b il. ; |c 26 cm. | ||
| 440 | 0 | |a Fields Institute monographs, |x 1069-5273 ; |v 1 | |
| 500 | |a "The Fields Institute for Research in Mathematical Sciences." | ||
| 504 | |a Incluye referencias bibliográficas (p. 147-152) e índice. | ||
| 510 | 4 | |a MR, |c 94i:58056 | |
| 020 | |a 0821892029 | ||
| 100 | 1 | |a Wiggins, Stephen. | |
| 710 | 2 | |a Fields Institute for Research in Mathematical Sciences. | |
| 650 | 0 | |a Differentiable dynamical systems. | |
| 650 | 0 | |a Global analysis (Mathematics) | |
| 084 | |a 58Fxx (34Cxx 70H05) |2 MR | ||
| 010 | |a 93036767 | ||
| 040 | |a DLC |c DLC |d DLC | ||
| 859 | |h 37 |i W655 |p A-7365 |b BIB. MATEMATICA | ||
